Statistics for All European NBA All-stars

Click here to take the quiz!

General Stats

  • This quiz has been taken 45 times
  • The average score is 18 of 21

Answer Stats

Answer% Correct
Dirk Nowitzki
100%
Giannis Antetokounmpo
100%
Pau Gasol
100%
Luka Dončić
98%
Tony Parker
98%
Joakim Noah
96%
Nikola Jokic
96%
Marc Gasol
93%
Kristaps Porzingis
91%
Rudy Gobert
89%
Andrei Kirilenko
84%
Luol Deng
84%
Zydrunas Ilgauskas
82%
Nikola Vucevic
80%
Peja Stojakovic
80%
Vlade Divac
80%
Domantas Sabonis
78%
Goran Dragic
69%
Detlef Schrempf
67%
Rik Smits
67%
Mehmet Okur
49%

Score Distribution

Percentile by Number Answered

Percent of People with Each Score

Your Score History

You have not taken this quiz